000 00426nam a2200181Ia 4500
001 19287
005 20260306172642.0
008 260306t2000||||xx |||||||||||||| ||spa||
041 _aESP
082 _a658.83
_bF39
100 _aFernández Valiñas, Ricardo
_eAUT
245 0 _aSegmentación de mercados
260 _c2000
300 _a192 páginas :
_c
650 _aGEN
654 _aCAN
942 _cLIB
_dJUS
_fJUS
_2ddc
_n
999 _c19287
_d19287